|
|
|
|
| LEADER |
00936nam a2200241 a 4500 |
| 001 |
00021092 |
| 008 |
101003s2009 ii a b 001 0 eng d |
| 020 |
|
|
|a 9788131723562
|
| 040 |
|
|
|a DB-DhAAL
|c DB-DhAAL
|
| 082 |
0 |
0 |
|a 005.13/1
|2 22
|
| 100 |
1 |
|
|a Krithivasan, Kamala
|
| 245 |
1 |
0 |
|a Introduction to formal languages, automata theory and computation /
|c Kamala krithivasan, Rama R
|
| 260 |
|
|
|a Delhi, India :
|b Pearson/Dorling Kindersley,
|c c2009
|
| 300 |
|
|
|a xiii, 425 p. :
|b ill. ;
|c 24 cm.
|
| 504 |
|
|
|a Includes bibliographical references and index.
|
| 541 |
1 |
|
|e 00021092
|
| 650 |
|
0 |
|a Formal languages
|
| 650 |
|
0 |
|a Computable functions
|
| 650 |
|
0 |
|a Machine theory
|
| 700 |
1 |
|
|a R , Rama
|
| 852 |
4 |
|
|a Ayesha Abed Library
|j General Shelf.
|
| 999 |
|
|
|c 9612
|d 9612
|
| 952 |
|
|
|0 0
|1 0
|2 ddc
|4 0
|6 005_131000000000000_KRI_2009
|7 0
|9 12230
|a BRACUL
|b BRACUL
|c GEN
|d 2010-10-03
|l 6
|m 19
|o 005.131 KRI
|p 3010021092
|r 2025-08-25
|s 2025-08-18
|t 1
|w 2010-10-03
|y BK
|